Name the Districts of Panem (Hunger Games) - Statistics

General Stats
  • This quiz has been taken 117 times
  • The average score is 12 of 13
Answer Stats
Picture Answer % Correct
District 5
99%
District 12
98%
District 1
97%
District 4
96%
District 7
96%
District 3
95%
District 6
95%
District 9
95%
District 10
94%
District 11
94%
District 2
94%
District 8
94%
District 13
93%
No matching quizzes found
Score Distribution
Percent of People with Each Score
Percentile by Number Answered
Your Score History
You have not taken this quiz